00517nam a22001457a 4500008004100000020001800041040005500059080002300114245010300137260004500240300001500285650002100300653002300321700002700344230329b |||||||| |||| 00| 0 eng d a0-12-404505-2 aNational Science LibrarycNational Science Library a541.183(082.2)bL6 aColloid and interface science c/Academic Press Inc., Aerosols, emulsions, and surfactants Vol. II aNew York: bAcademic Press Inc., c1976  axx, 481p.  aColloid science  aInterface science  aKerker, Milton, (Ed.)